000
00276nam a2200121 a 4500
008
101022s1972|||| d
100
1
_a
Laskin, Boris
245
1
0
_a
Človek bez nervov
260
_b
Tatran
_a
Bratislava
_c
1972
020
_c
10
041
_a
slo
044
_a
xo
_c
SK
999
_c
12017
_d
12017